| 000 | 00582nam a22001937a 4500 | ||
|---|---|---|---|
| 005 | 20250903121918.0 | ||
| 010 | _aENG-146594 | ||
| 020 | _a9788195587858 | ||
| 035 | _aEN-130126 | ||
| 037 | _bDBAD | ||
| 082 | _a659.10954 | ||
| 100 |
_aJain,Jyotindra _984573 |
||
| 245 |
_aThe Story of Early Indian Advertising _cJain Jyotindra |
||
| 260 |
_aMumbai _bThe Marg Foundation _c2025 |
||
| 270 |
_bMumbai _aArmy & Navy Building (3rd Floor), 148,M.G.Road,Mumbai _e400001 |
||
| 300 |
_a109p. _c25cm(pbk) _bIll. |
||
| 700 | _984533 | ||
| 942 |
_2ddc _cEN _h659.10954 _mJAI |
||
| 999 |
_c213281 _d213281 |
||